Statistics for Hawaii Quiz (Hard)

Click here to take the quiz!

General Stats

  • This quiz has been taken 117 times
  • The average score is 14 of 28

Answer Stats

HintAnswer% Correct
What is the capital of Hawaii?Honolulu
98%
How many inhabited islands are there in Hawaii?7
92%
What number state is Hawaii?50
90%
What president is from Hawaii?Barack Obama
87%
How many stripes are on Hawaii's flag?8
78%
What sport was invented in Hawaii?Surfing
78%
Part of Hawaii's flag is made up from what other country?United Kingdom
78%
Crime investigation TV show that takes place and is filmed in Hawaii.Hawaii Five-0
72%
What famous movie about dinosaurs was filmed in Hawaii?Jurassic Park
72%
What mountain in Hawaii is the tallest mountain in the world from base to summit?Mauna Kea
72%
If you travel directly east from Hawaii's main islands what country will you reach first?Mexico
71%
How many letters are in the Hawaiian alphabet?12
63%
On December 7 1941 in Hawaii occurred the...Bombing of Pearl Harbor
58%
The smallest of the 8 main islands and was used as bombing target practice.Kaho'olawe
51%
One of or the most active volcanoes in the world.Kilauea
48%
The president above graduated from what high school?Punahou School
40%
Who united the Hawaiian islands?Kamehameha I
37%
What is the name of Hawaii's canal?Ala Wai Canal
35%
What was the movie based on the surfer above?Soul Surfer
33%
This famous surfer's arm was bitten off by a shark.Bethany Hamilton
31%
Hawaii is 1 of the 2 states that doesn't follow...Daylight Savings Time
28%
On Kauai no building can be taller than a...Palm Tree
24%
What is the exact date of when Hawaii became a state? Ex: May 7 1972August 21 1959
22%
Counting all the islands Hawaii is the second___state.Widest
15%
What place in Hawaii advertises themselves as the wettest spot in the world?Mount Waialeale
14%
If you dig a hole strait down from Hawaii where would you end up in?Botswana/Namibia
10%
Capital of the Republic of Hawaii. (Hawaii before foreigners took over)Iolani Palace
5%
Hawaii has the longest island chain in the world with a distance of...1,523 miles/2,451 km
3%

Score Distribution

Percentile by Number Answered

Percent of People with Each Score

Your Score History

You have not taken this quiz